Statistics for Lose Yourself - Eminem Lyrics

Click here to take the quiz!

General Stats

  • This quiz has been taken 580 times
  • The average score is 267 of 499

Answer Stats

Hint Answer % Correct
yo
97%
i
95%
you
95%
schmoe
95%
on
93%
a
92%
the
92%
he
87%
to
87%
go
87%
one
86%
it
86%
his
85%
are
84%
no
83%
moms
82%
arms
81%
there
81%
look
81%
let
81%
weak
80%
shot
80%
ever
80%
vomit
80%
but
80%
knees
79%
so
79%
come
79%
sweater
79%
and
79%
if
79%
spaghetti
79%
heavy
78%
wanna
78%
want
78%
for
78%
goes
77%
had
77%
out
77%
won't
77%
moment
77%
he's
77%
already
77%
palms
77%
sweaty
77%
what
76%
down
76%
words
75%
ready
75%
who
75%
back
75%
or
75%
nervous
74%
reality
74%
crowd
74%
would
73%
wrote
73%
loud
73%
up
73%
calm
73%
opportunity
73%
now
72%
forgetting
72%
keeps
72%
wanted
72%
there's
72%
mouth
71%
everything
71%
whole
71%
surface
71%
looks
71%
choking
71%
drop
71%
just
69%
slip
69%
gravity
69%
over
69%
opens
69%
snap
68%
bombs
68%
capture
68%
times
68%
that
67%
oh
65%
run
64%
seize
63%
your
63%
in
63%
clock's
63%
give
62%
everybody's
62%
get
62%
how
60%
blow
59%
knows
57%
better
57%
have
55%
this
54%
joking
54%
life
53%
easy
53%
home
52%
rabbit
52%
don't
50%
is
49%
me
48%
lab
46%
it's
45%
again
45%
da da dum da dum da da da da
45%
mobile
44%
when
43%
own
42%
only
40%
broke
40%
that's
38%
choked
37%
daughter
37%
world
36%
hope
35%
these
34%
hard
34%
all
34%
barely
33%
got
32%
dope
32%
father
31%
move
31%
matter
31%
make
30%
my
30%
him
30%
harder
30%
of
29%
as
29%
king
28%
ropes
28%
rhapsody
28%
new
28%
her
27%
order
27%
beat
27%
more
27%
mine
26%
i'm
26%
cold
25%
WRITE CHORUSCHORUS
25%
WRITE CHORUSchorus
25%
water
24%
cause
24%
off
24%
hole
24%
taking
24%
like
24%
next
24%
back's
24%
getting
24%
grows
24%
normal
24%
escaping
24%
even
24%
pass
23%
toward
23%
was
23%
family
23%
change
23%
can't
23%
motherfuckin'
22%
i've
22%
two
22%
man
22%
close
22%
boring
22%
they
22%
gaping
22%
here
22%
post
21%
dogs
21%
soul's
21%
god
21%
through
21%
hoes
21%
baby
21%
call
20%
been
20%
stage
20%
right
20%
by
20%
with
20%
trying
20%
product
20%
too
20%
mama
20%
hold
20%
food
19%
buy
19%
globetrotter
19%
playing
19%
spit
19%
diapers
19%
piper
19%
roof
19%
prima
19%
tear
19%
rage
19%
nose
19%
coast
18%
being
18%
stagnant
18%
feed
18%
booed
18%
nine
18%
chewed
18%
stamps
18%
beginning
18%
five
18%
donna
18%
day
18%
old
18%
from
18%
provide
17%
fact
17%
snail
17%
inside
17%
blows
17%
movie
17%
pied
17%
changed
17%
stay
17%
games
17%
believe
17%
has
17%
mood
17%
caged
17%
known
17%
kept
17%
best
17%
between
16%
plus
16%
type
16%
another
16%
formulate
16%
mortem
16%
much
16%
flows
16%
moved
16%
spot
15%
seed
15%
hotter
15%
shows
15%
goddamn
15%
amplified
15%
pain
15%
superstardom's
15%
rhyming
14%
opera
14%
farther
14%
grown
14%
point
14%
sorry :(end
14%
sold
14%
caught
14%
somebody's
14%
totter
13%
suppose
13%
unfolds
13%
teeter
13%
cypher
13%
soap
13%
nada
13%
gotten
12%
screaming
12%
told
12%
partner
12%
dove
11%
mekhi
11%
roads
11%
lonely
11%
monotony
10%
plan
10%
phifer
10%
stepped
9%
homie
9%
into
9%
drama's
8%

Score Distribution

Percentile by Number Answered

Percent of People with Each Score

Your Score History

You have not taken this quiz